000 00293nam a2200121Ia 4500
008 191201s2019 xx 000 0 und d
100 _aELMASRI, Ramez
245 0 _aFundamentals of Database Systems
260 _aN. Delhi
_bPearson
300 _a1143
650 _aB.Tech(CSE)
942 _2ddc
_cBK
999 _c6384
_d6384